Un manuscrito, algo sobre el hombre y otros escritos

Spremljeno u:
Bibliografski detalji
Glavni autor: Arrieta Cañas, Luis (Autor)
Format: Knjiga
Jezik:španjolski
Izdano: Santiago Imprenta Cisneros 1926
Izdanje:1a. ed
Teme:
Oznake: Dodaj oznaku
Bez oznaka, Budi prvi tko označuje ovaj zapis!

MARC

LEADER 00000nam a2200000 a 4500
001 UCJ5142
003 CL-VaPUC
005 20240719132042.0
008 070124e19260000CL |||||||||||||||||spa|d
999 |c 321255  |d 321253 
040 |c Pontificia Universidad Católica de Valparaíso 
082 0 4 |a Ch868  |b ARR  |2 21 
100 0 |a Arrieta Cañas, Luis  |e author  |9 509975 
245 1 3 |a Un manuscrito, algo sobre el hombre y otros escritos 
250 |a 1a. ed 
260 |a Santiago  |b Imprenta Cisneros  |c 1926 
300 |a 513 p 
500 |a Advierte errata. Volumen intonso 
583 |a last modification  |c 20070124 00:00:00  |k Rodrigo Vera 
600 0 |a Barros Arana, Diego  |9 316241 
600 0 |a Lastarria, José Victorino  |d 1817-1888  |9 860079 
650 0 |a Historiografía   |9 257871 
650 0 |a Filología   |9 321245 
650 0 |a Moneda  |9 342365 
650 0 |a Alcoholismo  |9 259651 
650 0 |a Cementerios  |9 344520 
852 |a BIBCUR 
942 |c BK  |2 ddc 
945 |d 20070124 00:00:00  |a rinostro 
952 |0 0  |1 0  |4 0  |6 CH_868_000000000000000_ARR_1926  |7 0  |8 X  |9 399954  |a FDOBUD  |b FDOBUD  |d 2019-11-22  |i 1030639  |o Ch868 ARR 1926  |p 1030639  |r 2019-11-22  |w 2019-11-22  |y BK_X  |k BUD